| 000 | 00693nam a2200205 i 4500 | ||
|---|---|---|---|
| 001 | 154228 | ||
| 003 | ES-MaACL | ||
| 005 | 20230906205557.0 | ||
| 008 | 050915s1857 sp |||| | spa d | ||
| 100 | 1 |
_aGarcía Escobar, Ventura. _954569 |
|
| 245 | 1 | 3 |
_aEl último Beni-Omeya _b: leyenda morisca / _cpor Ventura García Escobar. |
| 260 |
_aMadrid : _b[s.n.], _c1857 ( _fImp. de La Iberia, a cargo de Manuel de Rojas) |
||
| 300 |
_a187, [5] p. ; _c17 cm. |
||
| 490 | 1 | _aBiblioteca de La Iberia | |
| 700 | 1 |
_aRojas, Manuel de. _9132007 |
|
| 710 | 2 |
_aLa Iberia. _9134613 |
|
| 830 | 0 |
_aBiblioteca de La Iberia _9188586 |
|
| 852 |
_aES-MaACL _jD-323(2) _z- Enc. hol. |
||
| 999 |
_c154228 _d154228 |
||